00545nam a22002177a 450000500170000001000130001702000220003003500130005203700160006504000120008108200190009310000160011224500490012824600060017725000160018326000420019927000390024130000200028065000090030065000180030920170124105959.0 aB-006371 c70.00a8170147093 aB-006371 bCen Lib/Ret aDPLbEN a346.54066bKAP aKapoor, G.K aCorporate and other laws /cby G.K. Kapoor  b  a4th rev ed. bPremier Book Compnayc2000aNew Delhi bNew Delhia23, Dariyaganj e110002 a325p.c20cm(Hb) aLaw  aCorporate law